<?xml version="1.0" encoding="UTF-8"?>
<record
    xmlns:xsi="http://www.w3.org/2001/XMLSchema-instance"
    xsi:schemaLocation="http://www.loc.gov/MARC21/slim http://www.loc.gov/standards/marcxml/schema/MARC21slim.xsd"
    xmlns="http://www.loc.gov/MARC21/slim">

  <leader>00483nam a22001697a 4500</leader>
  <datafield tag="999" ind1=" " ind2=" ">
    <subfield code="c">527086</subfield>
    <subfield code="d">527086</subfield>
  </datafield>
  <controlfield tag="003">NUST</controlfield>
  <datafield tag="020" ind1=" " ind2=" ">
    <subfield code="q">PBK</subfield>
  </datafield>
  <datafield tag="038" ind1=" " ind2=" ">
    <subfield code="a">Faiza</subfield>
  </datafield>
  <datafield tag="082" ind1=" " ind2=" ">
    <subfield code="a">923</subfield>
    <subfield code="b">BAQ</subfield>
  </datafield>
  <datafield tag="100" ind1=" " ind2=" ">
    <subfield code="a">Baqa, Muhammad Shareef</subfield>
    <subfield code="9">18181</subfield>
  </datafield>
  <datafield tag="245" ind1=" " ind2=" ">
    <subfield code="a">Choudhary Rehmat Ali ny kaha /</subfield>
    <subfield code="c">Muhammad Shareef Baqa</subfield>
  </datafield>
  <datafield tag="260" ind1=" " ind2=" ">
    <subfield code="a">Lahore :</subfield>
    <subfield code="b">Muhammad Shareef Baqa,</subfield>
    <subfield code="c">1995.</subfield>
  </datafield>
  <datafield tag="300" ind1=" " ind2=" ">
    <subfield code="a">80 p. ;</subfield>
  </datafield>
  <datafield tag="880" ind1=" " ind2=" ">
    <subfield code="6">100-01\r</subfield>
    <subfield code="a">&#x645;&#x62D;&#x645;&#x62F; &#x634;&#x631;&#x6CC;&#x641; &#x628;&#x642;&#x627;&#x614;</subfield>
  </datafield>
  <datafield tag="880" ind1=" " ind2=" ">
    <subfield code="6">245-02\r</subfield>
    <subfield code="a">&#x686;&#x648;&#x62F;&#x6BE;&#x631;&#x6CC; &#x631;&#x62D;&#x645;&#x62A; &#x639;&#x644;&#x6CC; &#x646;&#x6D2; &#x6A9;&#x6C1;&#x627; /</subfield>
  </datafield>
  <datafield tag="942" ind1=" " ind2=" ">
    <subfield code="2">ddc</subfield>
    <subfield code="c">BK</subfield>
  </datafield>
  <datafield tag="952" ind1=" " ind2=" ">
    <subfield code="0">0</subfield>
    <subfield code="1">0</subfield>
    <subfield code="2">ddc</subfield>
    <subfield code="4">0</subfield>
    <subfield code="7">0</subfield>
    <subfield code="a">CL</subfield>
    <subfield code="b">CL</subfield>
    <subfield code="d">2019-07-19</subfield>
    <subfield code="l">0</subfield>
    <subfield code="o">923 BAQ</subfield>
    <subfield code="p">CL-E-655</subfield>
    <subfield code="r">2019-07-19</subfield>
    <subfield code="w">2019-07-19</subfield>
    <subfield code="y">BK</subfield>
  </datafield>
</record>
